Proceedings of the National Symposium on Emerging Trends in Polymer Science and Technology, 8-9 September 2006, IIT, Kharagpur. (Record no. 44251)

MARC details
000 -LEADER
fixed length control field 00699nam a2200205Ia 4500
082 ## - DEWEY DECIMAL CLASSIFICATION NUMBER
Classification number 678:061.3
Item number IIT
245 #0 - TITLE STATEMENT
Title Proceedings of the National Symposium on Emerging Trends in Polymer Science and Technology, 8-9 September 2006, IIT, Kharagpur.
260 ## - PUBLICATION, DISTRIBUTION, ETC. (IMPRINT)
Place of publication Kharagpur
Name of publisher Indian Institute of Technology
Year of publication 2006
650 ## - SUBJECT ADDED ENTRY--TOPICAL TERM
Topical Term Defence applications
650 ## - SUBJECT ADDED ENTRY--TOPICAL TERM
Topical Term Interpenetrating polymer networks
650 ## - SUBJECT ADDED ENTRY--TOPICAL TERM
Topical Term Medical applications
650 ## - SUBJECT ADDED ENTRY--TOPICAL TERM
Topical Term Nanocomposites
650 ## - SUBJECT ADDED ENTRY--TOPICAL TERM
Topical Term Plastic reuse
650 ## - SUBJECT ADDED ENTRY--TOPICAL TERM
Topical Term Polymer blends
650 ## - SUBJECT ADDED ENTRY--TOPICAL TERM
Topical Term Polymer implants
650 ## - SUBJECT ADDED ENTRY--TOPICAL TERM
Topical Term PVC silicone rubber blends
650 ## - SUBJECT ADDED ENTRY--TOPICAL TERM
Topical Term Thermoplastic elastomers
942 ## - ADDED ENTRY ELEMENTS (KOHA)
Koha item type Books
Holdings
Withdrawn status Lost status Damaged status Not for loan Home library Current library Date acquired Source of acquisition Full call number Accession Number Koha item type
        RRII Library RRII Library 16/12/2021 Gift 678:061.3 IIT G00998 Books